00949nam a22002537a 450000500170000001000130001702000100003003500130004003700160005304000120006908200170008110000240009824500450012226000370016727000480020430000200025250000200027265000450029265000470033794200260038499900190041095201460042995201200057520170124110006.0 aA-712093 c00.00 aA-712093 bCen Lib/Ret aDPLbEN a303.372bPAT aPatil, Mohan916943 aA viewpoint on society /cby Mohan Patil aNew DelhibNIB Publishers c1988 a13/22, W.E.A. Karol BaghbNew Delhie110005 a118p.c21cm(Hb) aIncludes index. aSocial ethics--Study and teaching973985 aSocial workers--Professional ethics973986 2ddccENh303.372mPAT c126214d126214 04104070aLbLd2015-06-25eCen Lib/Retg0.00l0o303.372 PATpA-712093r2015-06-25 00:00:00t1v0.00w2015-06-25yENzW/d list no. 6840/21 00104070aLbLd2015-07-01eCen Lib/Retg0.00l0o301 PATpA-351359r2015-07-01 00:00:00t2v0.00w2016-09-15yEN